| 000 | 01104nam a22002297a 4500 | ||
|---|---|---|---|
| 005 | 20240822152013.0 | ||
| 008 | s2533 th tha d | ||
| 041 | _atha | ||
| 090 | _aว U856.T5 ธ517ก 2533 | ||
| 100 | 0 | _aธานี กลัมพสุต | |
| 245 | 1 | 0 | _aกองทัพไทยกับอุตสาหกรรมป้องกันประเทศ |
| 260 | 3 |
_aกรุงเทพฯ : _bวิทยาลัยป้องกันราชอาณาจักร, _c2533 |
|
| 300 |
_a93 หน้า : _b ตาราง ; _c 29 ซม. |
||
| 650 | 0 | 4 | _aกองทัพไทย -- ยุทธภัณฑ์ -- วิจัย |
| 650 | 0 | 4 | _aอุตสาหกรรมการป้องกันประเทศ -- วิจัย |
| 650 | 0 | 4 | _aสรรพาวุธ -- วิจัย |
| 650 | 0 | 4 | _aยุทธภัณฑ์ -- วิจัย |
| 850 | _aNALT | ||
| 942 |
_cRSH _011 |
||
| 997 |
_c000000000026549 _kVC |
||
| 998 |
_aNISA LUANGTONGKUM _j111 _k นางสาวพจพิณ พรมเอี่ยม |
||
| 999 |
_c26549 _d26549 |
||